Villes les plus peuplées d'Irlande - Statistiques

Statistiques générales
  • Ce quiz a été pris 162 fois
  • Le résultat moyen est 6 sur 20
Statistiques - réponses
Population Ville % Correct
1 173 179 Dublin
100%
208 669 Cork
94%
79 934 Galway
74%
94 192 Limerick
62%
53 504 Waterford
43%
26 512 Kilkenny
39%
40 956 Drogheda
24%
39 004 Dundalk
24%
23 691 Tralee
19%
32 600 Bray
17%
25 276 Ennis
16%
21 349 Athlone
15%
24 272 Carlow
13%
39 248 Swords
13%
21 393 Naas
10%
20 928 Mullingar
8%
22 050 Portlaoise
8%
30 173 Navan
7%
22 742 Newbridge
6%
21 722 Balbriggan
3%
Aucun quiz correspondant
Distribution des résultats
% des personnes avec chaque résultat
Percentile par nombre de réponses
Votre historique - résultats
Vous n’avez pas pris ce quiz